书目信息 |
| 题名: |
Visual FoxPro程序设计教程
|
|
| 作者: | 沈琴婉 , 崔宝深 , 王娟 编著 | |
| 分册: | ||
| 出版信息: | 天津 南开大学出版社 2006.03 |
|
| 页数: | 371页 | |
| 开本: | 26cm | |
| 丛书名: | 计算机应用基础系列教材 | |
| 单 册: | ||
| 中图分类: | TP311.138FO | |
| 科图分类: | ||
| 主题词: | 关系型数据库--guan xi xing shu ju ku--数据库管理系统--程序设计 | |
| 电子资源: | ||
| ISBN: | 7-310-01773-0 | |
| 000 | 01179nam 2200289 450 | |
| 001 | 012007742179 | |
| 005 | 20070509104048.48 | |
| 010 | @a7-310-01773-0@dCNY39.00 (附光盘) | |
| 100 | @a20070411d2006 km y0chiy0120 ea | |
| 101 | 0 | @achi |
| 102 | @aCN@b120000 | |
| 105 | @aa z 000yy | |
| 200 | 1 | @aVisual FoxPro程序设计教程@AVisual FoxPro cheng xu she ji jiao cheng@f沈琴婉, 崔宝深, 王娟编著@Fshen qin wan,cui bao shen,wang juan bian zhu |
| 205 | @a第2版 | |
| 210 | @a天津@c南开大学出版社@d2006.03 | |
| 215 | @a371页@c图@d26cm@e光盘 | |
| 225 | 2 | @a计算机应用基础系列教材@Aji suan ji ying yong ji chu xi lie jiao cai |
| 307 | @a光盘 ISBN : 7-900667-29-6 | |
| 330 | @a本书以中文Visual FoxPro 6.0为开发平台,介绍了数据库系统的基础知识、Visual FoxPro数据库基础、项目管理器、数据库的创建、数据表的操作、记录的检索、程序设计基础等内容。 | |
| 410 | 0 | @12001 @a计算机应用基础系列教材 |
| 606 | 0 | @a关系型数据库@Aguan xi xing shu ju ku@x数据库管理系统@x程序设计 |
| 690 | @aTP311.138FO@v4 | |
| 701 | 0 | @a沈琴婉@Ashen qin wan@4编著 |
| 701 | 0 | @a崔宝深@Acui bao shen@4编著 |
| 701 | 0 | @a王娟@Awang juan@4编著 |
| 801 | 0 | @aCN@c20070509 |
| 905 | @a10447@dTP311.138FO@eS407 | |
| Visual FoxPro程序设计教程/沈琴婉, 崔宝深, 王娟编著.-第2版.-天津:南开大学出版社,2006.03 |
| 371页:图;26cm+光盘.-(计算机应用基础系列教材) |
| ISBN 7-310-01773-0:CNY39.00 (附光盘) |
| 本书以中文Visual FoxPro 6.0为开发平台,介绍了数据库系统的基础知识、Visual FoxPro数据库基础、项目管理器、数据库的创建、数据表的操作、记录的检索、程序设计基础等内容。 |
| ● |
| 相关链接 |
|
|
|
正题名:Visual FoxPro程序设计教程
索取号:TP311.138FO/S407
 
预约/预借
| 序号 | 登录号 | 条形码 | 馆藏地/架位号 | 状态 | 备注 |
| 1 | 240549 | 202405496 | 期刊室512/301自科库 72排1列4层/ [索取号:TP311.138FO/S407] | 在馆 | |
| 2 | 240550 | 202405502 | 期刊室512/301自科库 42排2列3层/ [索取号:TP311.138FO/S407] | 在馆 |